000 00497nam a2200181Ia 4500
999 _c14800
_d14800
003 OSt
005 20201021115148.0
008 190216s9999||||xx |||||||||||||| ||und||
020 _a9788130912783
040 _coclc
082 _a822.33
_bHOP/B
100 _aHopkins, Lisa
_95535
245 0 _aBeginning Shakespeare /
_cLisa Hopkins
260 _bViva Book,
_c2010.
_anew delhi:
300 _a212p
650 _aEnglish
942 _cBK
_2ddc
_h822.33
_iHOP/B
_k822.33
_mHOP/B